[Event "NED-chT 0607"]
[Site "Netherlands"]
[Date "2007.04.21"]
[Round "8.4"]
[White "Schmitz, Henk"]
[Black "Feygin, Michael"]
[Result "1/2-1/2"]
[WhiteElo "2314"]
[BlackElo "2520"]
[PlyCount "64"]
[EventDate "2006.09.23"]
[EventType "team-tourn"]
[EventRounds "9"]
[EventCountry "NED"]
[SourceTitle "EXT 2008"]
[Source "ChessBase"]
[SourceDate "2007.11.25"]
[SourceVersion "1"]
[SourceVersionDate "2007.11.25"]
[SourceQuality "1"]
[WhiteTeam "Amstelveen"]
[BlackTeam "Enschede ESGOO"]
[WhiteTeamCountry "NED"]
[BlackTeamCountry "NED"]

1. e4 e6 2. g3 d5 3. Nc3 Nf6 4. e5 Nfd7 5. f4 c5 6. Nf3 Nc6 7. Bg2 Rb8 8. Qe2 Nd4 9. Nxd4 cxd4 10. Nb5 Bc5 11. Qd3 Qb6 12. b4 a6 13. bxc5 Qxb5 14. Qxd4 Qxc5 15. Qxc5 Nxc5 16. Ba3 Na4 17. Bd6 Ra8 18. f5 b5 19. 0-0 Bd7 20. Rf4 Rc8 21. c3 Nb6 22. fxe6 Bxe6 23. Bf1 Kd7 24. Bd3 Nc4 25. a4 g5 26. Rd4 Nxd6 27. exd6 Kxd6 28. axb5 axb5 29. Bxb5 h5 30. Be2 h4 31. gxh4 gxh4 32. Kf2 Rh6 1/2-1/2